000 00930nam a2200241 i 4500
001 103735
003 ES-MaACL
005 20250902103430.0
007 t|
008 051117s1921 sp ||||1| spa d
100 1 _aMerino Alvarez, Abelardo.
_980534
245 1 0 _aMarruecos :
_bpremio Bergamín /
_cAbelardo Merino Álvarez.
260 _aMadrid :
_b[s.n.],
_c1921 (
_fImp. del Patronato de Huérfanos de Intendencia e Intervención Militares)
300 _a166 p., [1] pleg. de mapa ;
_c24 cm.
490 1 _aPublicaciones de la Real Sociedad Geográfica
651 4 _aMarruecos-
_xDescripción.
_99025
651 4 _aMarruecos-
_xHistoria.
_99028
710 2 _aPatronato de Huérfanos de Intendencia e Intervención Militares.
_96172
710 2 _aReal Sociedad Geográfica
_96403
830 1 _aPublicaciones de la Real Sociedad Geográfica
_9182474
852 _aES-MaACL
_j1604-F-18
999 _c103735
_d103735